000 01214cam a22003014i 4500
003 PE-LiUPU
005 20250731184051.0
008 150616s1970 sp r 000 0 spa d
040 _aPE-LiUPU
_bspa
_cPE-LiUPU
_dPE-LiUPU
_erda
082 0 4 _a808.06
_bBBS
_220
100 1 _aPoe, Edgar Allan,
_eautor.
245 1 0 _aNarraciones extraordinarias /
_cEdgar Allan Poe.
264 1 _aNavarra, España :
_bSalvat,
_c1970.
300 _a189 páginas ;
_c18 centímetros.
490 0 _a(Biblioteca Básica Salvat de libros RTV ;
_v3)
500 _aOtra edición: 1969.
505 0 _aLa caída de la casa Usher -- Los asesinos de la "Rue" morgue -- El escarabajo de oro -- El corazón delator -- El pozo y el péndulo -- Silencio -- El retrato oval -- Manuscrito hallado en una botella -- Metzengerstein -- La carta robada -- la esfinge de calavera -- El gato negro.
526 _aP145
526 _aP127
526 _aP97
526 _aP14
526 _aP07
650 0 4 _aLiteratura estadounidense
_ySiglo xix.
942 _2ddc
_cBK
980 _81
_gALBERTO SANCHEZ Responsable de Automatización
999 _c12463
_d12463